[Event "Women's Speed Chess Q1"]
[Site "chess.com INT"]
[Date "2021.05.28"]
[Round "8"]
[White "Bommini, Mounika Akshaya"]
[Black "Singgih, Diajeng Theresa"]
[Result "0-1"]
[WhiteTitle "WFM"]
[BlackTitle "WFM"]
[WhiteElo "2029"]
[BlackElo "1972"]
[WhiteFideId "25019872"]
[BlackFideId "7104391"]
[EventDate "2021.05.28"]

1. d4 d5 2. c4 e6 3. Nc3 Nf6 4. cxd5 Nxd5 5. e4 Nxc3 6. bxc3 c5 7. Nf3 cxd4 8.
cxd4 Bb4+ 9. Bd2 Bxd2+ 10. Qxd2 Nc6 11. Bc4 O-O 12. O-O b6 13. d5 exd5 14. exd5
Ne7 15. d6 Nf5 16. Rad1 Bb7 17. Ne5 Qf6 18. Qf4 Nxd6 19. Qxf6 gxf6 20. Rxd6 fxe5
21. Rfd1 Rac8 22. Bb3 Rc7 23. Rd7 Rfc8 24. Bxf7+ Kf8 25. h3 a5 26. Be6 Rxd7 27.
Rxd7 Be4 28. Kh2 Rc2 29. Kg3 b5 30. f3 Bg6 31. Rd5 Rb2 32. Rxe5 a4 33. Kf4 b4
34. g4 Bb1 35. Bd7 a3 36. Kg5 Rd2 37. Ba4 Bxa2 38. Rb5 Rd5+ 39. Rxd5 Bxd5 40.
Kf6 a2 0-1

[Event "Women's Speed Chess Q1"]
[Site "chess.com INT"]
[Date "2021.05.28"]
[Round "8"]
[White "Pham, Le Thao Nguyen"]
[Black "Berend, Elvira"]
[Result "1-0"]
[WhiteTitle "IM"]
[BlackTitle "WGM"]
[WhiteElo "2369"]
[BlackElo "2326"]
[WhiteFideId "12401226"]
[BlackFideId "4000510"]
[EventDate "2021.05.28"]

1. d4 Nf6 2. Nf3 g6 3. g3 Bg7 4. Bg2 O-O 5. O-O d5 6. c3 b6 7. Bf4 Bb7 8. Nbd2
Nbd7 9. Ne5 c5 10. a4 a6 11. Qb3 a5 12. Nxd7 Qxd7 13. Qxb6 cxd4 14. cxd4 Ba6 15.
Rfe1 Nh5 16. Be5 f6 17. Bc7 e5 18. Nb3 Bc4 19. Nc5 Qf7 20. b3 Rac8 21. bxc4 Qxc7
22. Bxd5+ Kh8 23. Qxc7 Rxc7 24. Ne6 Rcc8 25. Nxf8 Bxf8 26. e3 Bb4 27. Red1 exd4
28. exd4 f5 29. Rac1 Nf6 30. Bf3 g5 31. c5 g4 32. Bg2 Kg7 33. Rc4 Kf7 34. Rdc1
Nd7 35. R1c2 Rc7 36. Bd5+ Kf8 37. Re2 Nf6 38. Be6 f4 39. gxf4 h5 40. Re5 Kg7 41.
Rg5+ Kh6 42. Bf5 Rg7 43. Rxg7 Kxg7 44. c6 1-0

[Event "Women's Speed Chess Q1"]
[Site "chess.com INT"]
[Date "2021.05.28"]
[Round "8"]
[White "Mahalakshmi, M"]
[Black "Pourkashiyan, Atousa"]
[Result "0-1"]
[WhiteTitle "WIM"]
[BlackTitle "WGM"]
[WhiteElo "2253"]
[BlackElo "2322"]
[WhiteFideId "5001080"]
[BlackFideId "12502014"]
[EventDate "2021.05.28"]

1. d4 Nf6 2. Nc3 d5 3. Bf4 e6 4. Qd2 Bd6 5. O-O-O O-O 6. h4 c5 7. Bg5 cxd4 8.
Qxd4 Nc6 9. Bxf6 Qxf6 10. Qxf6 gxf6 11. e4 d4 12. Nb5 Bf4+ 13. Kb1 Rd8 14. Nf3
Be5 15. Nxe5 fxe5 16. Na3 Bd7 17. Bb5 a6 18. Bxc6 Bxc6 19. f3 b5 20. Rd2 h5 21.
Rhd1 Rdc8 22. c3 dxc3 23. bxc3 Be8 24. Kb2 Kf8 25. Nc2 a5 26. a3 Ke7 27. Rd6 Rc7
28. R6d3 Rac8 29. g4 hxg4 30. fxg4 Bc6 31. Re3 Rh8 32. h5 Rcc8 33. Rh1 Rcg8 34.
Rh4 Rg5 35. Ne1 Rhg8 36. h6 Rh8 37. h7 Rg7 38. Nd3 f6 39. Nf2 Rgxh7 40. Rxh7+
Rxh7 41. c4 Rh2 42. Re2 bxc4 43. Kc3 Bxe4 44. Rxe4 Rxf2 45. Rxc4 Rf3+ 46. Kb2
Rf4 47. Rc5 a4 48. Rc7+ Kf8 49. Rc8+ Kf7 50. Rc7+ Kg6 51. Rc8 Rxg4 52. Kc3 Rd4
53. Rg8+ Kf5 54. Rh8 Ke4 55. Rh4+ Kd5 56. Rh8 Rc4+ 57. Kd3 e4+ 58. Kd2 f5 59.
Rd8+ Ke5 60. Ra8 Kf4 61. Ra5 Kf3 62. Re5 Rc6 63. Ra5 Kf2 64. Rxa4 e3+ 65. Kd3
Rd6+ 66. Kc3 e2 67. Rf4+ Kg3 0-1

[Event "Women's Speed Chess Q1"]
[Site "chess.com INT"]
[Date "2021.05.28"]
[Round "8"]
[White "Varney, Zoe"]
[Black "Mrudul, Dehankar"]
[Result "0-1"]
[WhiteTitle "WCM"]
[BlackTitle "WIM"]
[WhiteElo "1917"]
[BlackElo "2256"]
[WhiteFideId "436135"]
[BlackFideId "25096990"]
[EventDate "2021.05.28"]

1. e4 c5 2. Nf3 d6 3. d4 cxd4 4. Nxd4 Nf6 5. Nc3 a6 6. Be3 e6 7. f3 Qc7 8. Qd2
b5 9. O-O-O Be7 10. g4 Bb7 11. h4 Nfd7 12. g5 Ne5 13. Be2 Nbd7 14. f4 Nc4 15.
Bxc4 Qxc4 16. Qd3 Nc5 17. Qxc4 bxc4 18. Rhe1 Nxe4 19. Nxe4 Bxe4 20. Rd2 Rc8 21.
Rf2 Kd7 22. Bd2 d5 23. Bc3 Bc5 24. Rd2 Rhd8 25. Kb1 Kc7 26. Ne2 Be3 27. Rdd1 Bf2
28. Rf1 Bc5 29. Bxg7 Bg2 30. Be5+ Kb7 31. f5 Bxf1 32. Rxf1 Re8 33. fxe6 Rxe6 34.
Rxf7+ Ka8 35. b4 Rxe5 36. bxc5 Rxe2 37. Rxh7 c3 38. a3 Rb8+ 39. Ka2 Rxc2+ 40.
Ka1 Rc1+ 41. Ka2 Rb2# 0-1

[Event "Women's Speed Chess Q1"]
[Site "chess.com INT"]
[Date "2021.05.28"]
[Round "8"]
[White "Chaves, Joara"]
[Black "Hoshino, Meilin"]
[Result "1-0"]
[WhiteTitle "WIM"]
[BlackTitle "WCM"]
[WhiteElo "1901"]
[BlackElo "1591"]
[WhiteFideId "2100622"]
[BlackFideId "7001690"]
[EventDate "2021.05.28"]

1. e4 c5 2. Nc3 Nc6 3. f4 g6 4. Nf3 Bg7 5. Bb5 d6 6. Bxc6+ bxc6 7. d3 Bg4 8. O-O
Nf6 9. h3 Bxf3 10. Qxf3 Qc7 11. Bd2 O-O 12. f5 Rfe8 13. h4 e6 14. fxg6 hxg6 15.
Bg5 Nd7 16. Qxf7+ Kh8 17. Qxg6 Ne5 18. Qh5+ Kg8 19. Ne2 Rf8 20. Nf4 Qd7 21. Ng6
Nxg6 22. Qxg6 Qe8 23. Rxf8+ Qxf8 24. Qxe6+ Kh8 25. Rf1 Bd4+ 26. Kh2 Qxf1 27.
Qh6+ Kg8 28. Qg6+ Bg7 29. Qxd6 Qf8 30. Qxc6 Be5+ 31. Kh3 Qc8+ 32. Qxc8+ Rxc8 33.
b3 a5 34. a4 Bc3 35. Be7 Bb4 36. Bf6 Rf8 37. e5 Kf7 38. g4 Kg6 39. h5+ Kh7 40.
g5 1-0

[Event "Women's Speed Chess Q1"]
[Site "chess.com INT"]
[Date "2021.05.28"]
[Round "8"]
[White "Arakhamia-Grant, Ketevan"]
[Black "Padmini, Rout"]
[Result "1/2-1/2"]
[WhiteTitle "GM"]
[BlackTitle "IM"]
[WhiteElo "2380"]
[BlackElo "2370"]
[WhiteFideId "13600168"]
[BlackFideId "5029295"]
[EventDate "2021.05.28"]

1. e4 c5 2. Nf3 e6 3. d4 cxd4 4. Nxd4 Nc6 5. Nc3 Qc7 6. Be3 a6 7. Bd3 Nf6 8. Nb3
Bd6 9. Qe2 Be5 10. Qd2 Ng4 11. f4 Bxc3 12. bxc3 Nxe3 13. Qxe3 d6 14. O-O O-O 15.
Rae1 b5 16. e5 Bb7 17. Qh3 g6 18. Qg3 Rad8 19. Nd2 Ne7 20. Qg5 Nf5 21. Ne4 Bxe4
22. Rxe4 Qxc3 23. g4 Ng7 24. f5 exf5 25. gxf5 dxe5 26. f6 Ne6 27. Qh6 Rd4 28.
Re2 Rg4+ 29. Rg2 Rxg2+ 30. Kxg2 Qc6+ 31. Kg1 e4 32. Re1 Qc5+ 33. Kh1 exd3 34.
Rxe6 Qd5+ 35. Kg1 Qd4+ 36. Kh1 Qd5+ 37. Kg1 Qd4+ 38. Kh1 Qd5+ 1/2-1/2

[Event "Women's Speed Chess Q1"]
[Site "chess.com INT"]
[Date "2021.05.28"]
[Round "8"]
[White "Varshini, V"]
[Black "Chitlange, Sakshi"]
[Result "1-0"]
[WhiteTitle "WGM"]
[BlackTitle "WIM"]
[WhiteElo "2226"]
[BlackElo "2167"]
[WhiteFideId "5091241"]
[BlackFideId "35002899"]
[EventDate "2021.05.28"]

1. e4 c6 2. d4 d5 3. Nc3 dxe4 4. Nxe4 Nf6 5. Nxf6+ exf6 6. Nf3 Bd6 7. Be2 O-O 8.
O-O Re8 9. Be3 Nd7 10. h3 Nf8 11. Re1 Be6 12. Bf1 Qd7 13. a3 Rad8 14. Rc1 Ng6
15. c4 Bb8 16. b4 f5 17. Bg5 f6 18. Bd2 Qd6 19. c5 Qd7 20. Rxe6 Rxe6 21. Bc4 Kh8
22. Bxe6 Qxe6 23. a4 Rd5 24. b5 Qd7 25. Qe2 Kg8 26. Rb1 Kf7 27. bxc6 Qxc6 28.
Qb5 Qxb5 29. Rxb5 Rd7 30. c6 Rc7 31. cxb7 Ne7 32. Kf1 Rd7 33. a5 a6 34. Rb3 Nc6
35. Rb6 Nd8 36. Rxa6 Rxb7 37. Ke2 Ne6 38. d5 Nc5 39. Rc6 Ne4 40. a6 Rd7 41. Rb6
Rd8 42. a7 Bd6 43. Bb4 Bxb4 44. Rxb4 Ra8 45. Rb7+ Kf8 46. Rb8+ 1-0

[Event "Women's Speed Chess Q1"]
[Site "chess.com INT"]
[Date "2021.05.28"]
[Round "8"]
[White "Vo, Thi Kim Phung"]
[Black "Nguyen, Hong Anh"]
[Result "0-1"]
[WhiteTitle "WGM"]
[BlackTitle "WIM"]
[WhiteElo "2335"]
[BlackElo "1993"]
[WhiteFideId "12401838"]
[BlackFideId "12406732"]
[EventDate "2021.05.28"]

1. d4 Nf6 2. Nf3 g6 3. g3 Bg7 4. Bg2 O-O 5. O-O d5 6. c4 dxc4 7. Na3 c3 8. bxc3
c5 9. Nc4 Nc6 10. Nce5 Nxe5 11. Nxe5 Nd5 12. Bb2 cxd4 13. cxd4 Nb6 14. a4 Rb8
15. a5 Nd7 16. Nd3 b6 17. axb6 Qxb6 18. e3 Ba6 19. Ba3 Rfe8 20. Re1 e5 21. dxe5
Nxe5 22. Nxe5 Bxe5 23. Rb1 Qa5 24. Rxb8 Rxb8 25. Be7 Bc3 26. Qd6 Be5 27. Qd1 Re8
28. Bh4 Bb5 29. Qb1 Bd3 30. Qc1 Bb2 31. Qd1 Bc2 32. Qxc2 Qxe1+ 33. Bf1 Qc3 34.
Qa4 Ra8 35. Bg2 Qc1+ 36. Bf1 a5 37. Kg2 Qc5 38. g4 Qb4 39. Qd7 a4 40. Be2 Rb8
41. Be7 Qb7+ 42. Qxb7 Rxb7 43. Bd6 a3 44. Bc4 Bc1 45. h3 Rb6 46. Be7 Rc6 47. Bd5
Rc2 48. Bb3 Rd2 0-1

[Event "Women's Speed Chess Q1"]
[Site "chess.com INT"]
[Date "2021.05.28"]
[Round "8"]
[White "Nguyen, Thi Thanh An"]
[Black "Samaganova, Alexandra"]
[Result "1-0"]
[WhiteTitle "WGM"]
[BlackTitle "WFM"]
[WhiteElo "2259"]
[BlackElo "1993"]
[WhiteFideId "12400300"]
[BlackFideId "13800221"]
[EventDate "2021.05.28"]

1. d4 Nf6 2. Bf4 e6 3. e3 b6 4. Nf3 Bb7 5. Be2 Be7 6. O-O O-O 7. h3 c5 8. c3 d6
9. Nbd2 Nbd7 10. Bg3 h6 11. Re1 Rc8 12. Bd3 d5 13. Rc1 Ne4 14. Bf4 Ndf6 15. Ne5
Nxd2 16. Qxd2 Ne4 17. Qe2 f5 18. Ng6 Rf6 19. Nxe7+ Qxe7 20. f3 Nd6 21. Be5 Rff8
22. dxc5 bxc5 23. Rcd1 Nf7 24. Bg3 Rfd8 25. e4 fxe4 26. fxe4 dxe4 27. Bxe4 Bxe4
28. Qxe4 Ng5 29. Qe3 Rxd1 30. Rxd1 Rd8 31. Rxd8+ Qxd8 32. Qxc5 Qd1+ 33. Kh2 Qe2
34. Qf2 Qa6 35. a3 Ne4 36. Qe3 Nf6 37. Be5 Nd5 38. Qg3 Qb7 39. c4 Nb6 40. c5 Nc4
41. c6 Qf7 42. c7 Nb6 43. b4 g5 44. Bd4 Nc8 45. Qe5 Kh7 46. a4 Kg6 47. b5 Qd7
48. a5 Nd6 49. b6 axb6 50. axb6 Nf5 51. Qf6+ Kh7 52. Be5 h5 53. Qxg5 h4 54. Qd8
Qf7 55. c8=Q Ng3 56. Qh8+ Kg6 57. Qcg8+ Qxg8 58. Qxg8+ 1-0

[Event "Women's Speed Chess Q1"]
[Site "chess.com INT"]
[Date "2021.05.28"]
[Round "8"]
[White "Rakshitta, Ravi"]
[Black "Zakirova, Aisha"]
[Result "0-1"]
[WhiteTitle "WIM"]
[BlackTitle "WCM"]
[WhiteElo "2190"]
[BlackElo "1585"]
[WhiteFideId "25073230"]
[BlackFideId "13719734"]
[EventDate "2021.05.28"]

1. e4 c5 2. Nf3 d6 3. d4 cxd4 4. Qxd4 Nc6 5. Bb5 Bd7 6. Bxc6 Bxc6 7. Nc3 e5 8.
Qd3 Rc8 9. O-O h6 10. Be3 a6 11. Rfd1 Nf6 12. b3 Be7 13. Nh4 Nxe4 14. Nxe4 Bxe4
15. Qxe4 Bxh4 16. f4 O-O 17. fxe5 Re8 18. Qg4 Rxe5 19. Bxh6 Bf6 20. Rf1 Re6 21.
Rad1 Rxc2 22. Bf4 Ree2 23. Rxd6 Rxg2+ 24. Qxg2 Rxg2+ 25. Kxg2 Qa5 26. Rd2 Bg5
27. Re2 Qd5+ 28. Kg3 Qd3+ 29. Kf2 Bxf4 30. Rfe1 Bd6 31. Re8+ Kh7 32. R1e4 Bc5+
33. Kg2 Qd5 34. Kh3 Qf5+ 35. Kg2 Qf2+ 36. Kh3 f5 37. Rh4+ Kg6 38. Re6+ Kf7 39.
Rd6 Qf3# 0-1

[Event "Women's Speed Chess Q1"]
[Site "chess.com INT"]
[Date "2021.05.28"]
[Round "8"]
[White "Paehtz, Elisabeth"]
[Black "Bodnaruk, Anastasia"]
[Result "1-0"]
[WhiteTitle "IM"]
[BlackTitle "IM"]
[WhiteElo "2456"]
[BlackElo "2457"]
[WhiteFideId "4641833"]
[BlackFideId "4181751"]
[EventDate "2021.05.28"]

1. d4 Nf6 2. Nf3 g6 3. Bg5 Bg7 4. c3 O-O 5. Nbd2 d5 6. e3 Nbd7 7. Be2 Re8 8. O-O
e5 9. h3 c6 10. Qc2 e4 11. Nh2 h6 12. Bh4 Nf8 13. c4 g5 14. Bg3 Bf5 15. Rac1 Ne6
16. cxd5 Nxd5 17. Nc4 Ndf4 18. Bg4 Bxg4 19. Nxg4 Nd3 20. Rcd1 f5 21. Nge5 f4 22.
Bh2 b5 23. Nd2 Nxf2 24. Nxc6 Qd7 25. Rxf2 fxe3 26. Re2 Rac8 27. d5 Nd4 28. Nxd4
Bxd4 29. Nc4 Rxc4 30. Qb3 Qxd5 31. Kh1 Rf8 32. Bg1 Qf7 33. Bxe3 Bxe3 34. Qxe3 a6
35. b3 Rc6 36. Qxe4 Rf6 37. Ree1 Rf4 38. Qc6 Rf6 39. Qc5 Re8 40. Rxe8+ Qxe8 41.
Qc7 Qf7 42. Rd8+ Kg7 43. Rd7 1-0

[Event "Women's Speed Chess Q1"]
[Site "chess.com INT"]
[Date "2021.05.28"]
[Round "8"]
[White "Agrest, Inna"]
[Black "Vaishali, R"]
[Result "1-0"]
[WhiteTitle "WIM"]
[BlackTitle "WGM"]
[WhiteElo "2285"]
[BlackElo "2393"]
[WhiteFideId "1708830"]
[BlackFideId "5091756"]
[EventDate "2021.05.28"]

1. e4 c5 2. Nf3 Nf6 3. Nc3 d5 4. e5 Nfd7 5. Nxd5 Nxe5 6. Nc3 Nbc6 7. Be2 g6 8.
O-O Bg7 9. Re1 O-O 10. h3 Bd7 11. d3 Nd4 12. Nxe5 Bxe5 13. Bf1 Bg7 14. Ne4 Qc7
15. c3 Ne6 16. Be3 Rad8 17. Qc2 b6 18. a4 Bc6 19. a5 h6 20. axb6 axb6 21. Nd2
Rd7 22. Nc4 Kh8 23. Qc1 Kh7 24. Qc2 Rb8 25. Ra2 Nf4 26. Rea1 b5 27. Ra7 Rb7 28.
Rxb7 Bxb7 29. Na5 Bd5 30. c4 bxc4 31. dxc4 Be6 32. Nb3 Bf5 33. Qc1 Ne6 34. Ra3
Qe5 35. Ra5 Rc7 36. Rb5 h5 37. Na5 h4 38. Nb3 Bf6 39. Qd2 Qxb2 40. Qxb2 Bxb2 41.
Nxc5 Nxc5 42. Rxb2 Nd3 43. Bxd3 1-0

[Event "Women's Speed Chess Q1"]
[Site "chess.com INT"]
[Date "2021.05.28"]
[Round "8"]
[White "Balabayeva, Xeniya"]
[Black "Antolak, Julia"]
[Result "0-1"]
[WhiteTitle "WFM"]
[BlackTitle "WIM"]
[WhiteElo "2178"]
[BlackElo "2306"]
[WhiteFideId "13719688"]
[BlackFideId "1159569"]
[EventDate "2021.05.28"]

1. e4 c5 2. Nf3 e6 3. g3 Nc6 4. Bg2 d6 5. O-O Nf6 6. Re1 Be7 7. d4 cxd4 8. Nxd4
O-O 9. c4 a6 10. Nc3 Qc7 11. b3 Bd7 12. Bb2 Rac8 13. Rc1 Rfe8 14. h3 Bf8 15. Kh2
e5 16. Nc2 Qa5 17. Ne3 Be6 18. a3 b5 19. b4 Qb6 20. Ncd5 Bxd5 21. cxd5 Nd4 22.
Bxd4 exd4 23. Nf5 Rxc1 24. Qxc1 g6 25. Qg5 Bg7 26. Nxg7 Kxg7 27. Qd2 d3 28. Re3
Qd4 29. Rxd3 Qe5 30. Re3 Rc8 31. f4 Qa1 32. e5 Nd7 33. e6 Nf6 34. e7 Re8 35. Qd3
Qb2 36. Re2 Qc1 37. h4 Qc7 38. Kh3 Rxe7 39. Kh2 Rxe2 40. Qxe2 h5 41. Qd3 Ng4+
42. Kg1 Qc1+ 43. Bf1 Qb2 44. Be2 Nf6 45. Kf2 Kh7 46. f5 Qe5 0-1

[Event "Women's Speed Chess Q1"]
[Site "chess.com INT"]
[Date "2021.05.28"]
[Round "8"]
[White "Ovezdurdiyeva, Jemal"]
[Black "Zhou, Qiyu"]
[Result "0-1"]
[WhiteTitle "WFM"]
[BlackTitle "FM"]
[WhiteElo "2061"]
[BlackElo "2229"]
[WhiteFideId "14001888"]
[BlackFideId "505161"]
[EventDate "2021.05.28"]

1. d4 Nf6 2. c4 e6 3. Nc3 Bb4 4. e3 O-O 5. Ne2 b6 6. a3 Bxc3+ 7. Nxc3 Bb7 8. f3
d5 9. cxd5 exd5 10. Bd3 Nbd7 11. O-O c5 12. Bc2 Re8 13. Kh1 Rc8 14. Bd2 Nf8 15.
Rc1 Ne6 16. Bf5 a6 17. dxc5 bxc5 18. Qb3 Rb8 19. Qa4 d4 20. exd4 cxd4 21. Ne4
Nxe4 22. fxe4 g6 23. Bxe6 Rxe6 24. e5 Rxe5 25. Rf2 Qd5 26. Bf4 Rf5 27. Rcc2 d3
28. Rcd2 Rc8 29. h3 Rc4 30. Qe8+ Kg7 31. Qe3 Re4 32. Bh6+ Kg8 33. Qxd3 Rxf2 34.
Qxd5 Rf1+ 35. Kh2 Bxd5 36. Rxd5 f5 37. Rd7 Re8 38. Rg7+ Kh8 39. Ra7 Rb1 40. Bg5
Kg8 41. Bf6 Re6 42. Bc3 Rd1 43. Rg7+ Kf8 44. Rxh7 Rd5 45. Kg3 Rd3+ 46. Kf4 Rde3
47. g4 R3e4+ 48. Kg5 fxg4 49. hxg4 Ke8 50. Ra7 Kd8 51. Ba5+ Kc8 52. Rc7+ Kb8 53.
Rg7 R4e5+ 54. Kh6 Rxa5 0-1

[Event "Women's Speed Chess Q1"]
[Site "chess.com INT"]
[Date "2021.05.28"]
[Round "8"]
[White "Mamedjarova, Turkan"]
[Black "Vantika, Agrawal"]
[Result "0-1"]
[WhiteTitle "WGM"]
[BlackTitle "WIM"]
[WhiteElo "2309"]
[BlackElo "2286"]
[WhiteFideId "13402005"]
[BlackFideId "25050389"]
[EventDate "2021.05.28"]

1. d4 Nf6 2. Nf3 g6 3. c4 Bg7 4. Nc3 O-O 5. e4 d6 6. Be2 Nbd7 7. O-O e5 8. d5
Nc5 9. Qc2 a5 10. Be3 b6 11. Ne1 Ng4 12. Bxg4 Bxg4 13. Qd2 Bd7 14. f4 exf4 15.
Bxf4 Qe7 16. Bg5 f6 17. Bh6 Nxe4 18. Nxe4 Qxe4 19. Bxg7 Kxg7 20. Nf3 Rae8 21. b3
Qe3+ 22. Qxe3 Rxe3 23. Kf2 Rfe8 24. Rfe1 Rxe1 25. Rxe1 Rxe1 26. Kxe1 f5 27. Kd2
Kf6 28. Ke3 g5 29. g3 c6 30. a4 h6 31. Kd4 Be8 32. Ne1 f4 33. gxf4 gxf4 34. Ke4
Kg5 35. Ng2 cxd5+ 36. cxd5 Bg6+ 37. Kf3 Bh5+ 38. Ke4 f3 39. Ne3 f2 40. Nf1 Be2
41. Ng3 f1=Q 42. Nxf1 Bxf1 43. Kf3 Kf5 44. Kf2 Ba6 45. Ke3 Ke5 46. Kd2 Kxd5 47.
Kc3 Kc5 0-1

[Event "Women's Speed Chess Q1"]
[Site "chess.com INT"]
[Date "2021.05.28"]
[Round "8"]
[White "February, Jesse Nikki"]
[Black "Zaksaite, Salomeja"]
[Result "0-1"]
[WhiteTitle "WIM"]
[BlackTitle "WIM"]
[WhiteElo "1824"]
[BlackElo "2202"]
[WhiteFideId "14312336"]
[BlackFideId "12801496"]
[EventDate "2021.05.28"]

1. e4 c5 2. Nf3 e6 3. d4 cxd4 4. Nxd4 Nf6 5. Nc3 Nc6 6. g4 d5 7. exd5 Nxd5 8.
Bg2 Bb4 9. Nxc6 bxc6 10. Bd2 Ba6 11. h4 Bxc3 12. bxc3 Qb6 13. Rb1 Qc5 14. Qf3
Qc4 15. g5 Qxa2 16. Rc1 Rb8 17. Qg3 Rb1 18. f3 Qxc2 19. Qb8+ Rxb8 20. Rxc2 Rb1+
21. Kf2 Rxh1 22. Bxh1 Kd7 23. c4 Ne7 24. Bc3 Nf5 25. Rd2+ Kc8 26. f4 h6 27. Bxc6
hxg5 28. Bd7+ Kc7 29. Be5+ Kb6 30. hxg5 Bxc4 31. Rb2+ Kc5 32. Rb7 a5 33. Rc7+
Kb4 34. Rb7+ Ka3 35. Bb2+ Ka2 36. Bc3 Rh4 37. Be5 f6 38. gxf6 gxf6 39. Bxf6
Rxf4+ 40. Ke1 Nd6 41. Rb2+ Ka3 42. Bh8 Rf1+ 43. Kd2 Bd5 44. Rb8 a4 45. Bb2+ Ka2
46. Bxa4 Nc4+ 47. Kc3 Rf3+ 48. Kd4 Nxb2 49. Bd7 Rd3+ 50. Ke5 Re3+ 51. Kd6 Nc4+
52. Ke7 e5 53. Kf6 e4 54. Kf5 Rf3+ 55. Kg4 Ne5+ 56. Kg5 Nxd7 0-1

[Event "Women's Speed Chess Q1"]
[Site "chess.com INT"]
[Date "2021.05.28"]
[Round "8"]
[White "Assaubayeva, Bibisara"]
[Black "Tokhirjonova, Gulrukhbegim"]
[Result "1-0"]
[WhiteTitle "IM"]
[BlackTitle "WGM"]
[WhiteElo "2381"]
[BlackElo "2350"]
[WhiteFideId "13708694"]
[BlackFideId "14203626"]
[EventDate "2021.05.28"]

1. d4 Nf6 2. c4 e6 3. Nf3 Bb4+ 4. Nbd2 d5 5. Qa4+ Nc6 6. e3 Bd7 7. Qc2 O-O 8.
Bd3 Qe7 9. a3 dxc4 10. Bxc4 Bd6 11. O-O e5 12. d5 Nb8 13. e4 Bg4 14. Be2 c6 15.
Nc4 cxd5 16. exd5 Rc8 17. Qb3 e4 18. Nxd6 Qxd6 19. Nd4 Bxe2 20. Nxe2 Qxd5 21.
Qg3 Nc6 22. Bh6 Ne8 23. Rad1 Qe6 24. Be3 Rd8 25. Nf4 Qf5 26. Rc1 Nf6 27. Rc5 Qg4
28. Nh5 Qxg3 29. Nxf6+ gxf6 30. fxg3 Rd6 31. Rcf5 Kg7 32. g4 h6 33. h4 Re8 34.
g5 hxg5 35. hxg5 Ree6 36. Bc5 Rd3 37. gxf6+ Kg6 38. R5f4 Rg3 39. Bf2 Rg5 40. Bh4
Rh5 41. Rg4+ Kh6 42. Be1 e3 43. Bc3 Ne5 44. Re4 Rg5 45. Rxe3 Kg6 46. Rfe1 Nd7
47. Rxe6 fxe6 48. Rxe6 Rf5 49. Rd6 Nc5 50. Rd8 Ne4 51. Rg8+ Kf7 52. Rg7+ Ke6 53.
Re7+ Kd5 54. f7 Nxc3 55. bxc3 b5 56. g4 Rf4 57. g5 Kd6 58. Rxa7 Rf3 59. g6 1-0

[Event "Women's Speed Chess Q1"]
[Site "chess.com INT"]
[Date "2021.05.28"]
[Round "8"]
[White "Arpita, Mukherjee"]
[Black "Nandhidhaa, P V"]
[Result "1-0"]
[WhiteTitle "WIM"]
[BlackTitle "WGM"]
[WhiteElo "2206"]
[BlackElo "2365"]
[WhiteFideId "5056403"]
[BlackFideId "5050847"]
[EventDate "2021.05.28"]

1. e4 c5 2. Nf3 Nc6 3. Bb5 e5 4. Bxc6 dxc6 5. d3 Bd6 6. Nc3 Ne7 7. O-O Bg4 8. h3
Bh5 9. Bg5 f6 10. Be3 O-O 11. g4 Bf7 12. Nh4 Be6 13. Ne2 Ng6 14. Nf5 b6 15. Neg3
Nf4 16. Nxd6 Qxd6 17. Bxf4 exf4 18. Nf5 Qe5 19. Qf3 g6 20. Nh4 Qxb2 21. Qxf4
Qxc2 22. Qd6 Rae8 23. Rfc1 Qd2 24. Rd1 Qh6 25. Qg3 Rd8 26. f4 Rd7 27. Re1 Rfd8
28. Rad1 Bxa2 29. e5 fxe5 30. Rxe5 Rf7 31. g5 Qf8 32. Rde1 Rxf4 33. Ng2 Rf5 34.
Re7 Bd5 35. Ne3 Rf3 36. Qe5 Rxh3 37. Nxd5 cxd5 38. Qe6+ Kh8 39. Qxh3 h5 40. gxh6
Qf6 41. h7 Qd4+ 42. Kh1 Rf8 43. Re8 Qf6 44. Rxf8+ Qxf8 45. Qe3 Kxh7 46. Qe7+
Qxe7 47. Rxe7+ Kh6 48. Rxa7 Kg5 49. Rd7 1-0

[Event "Women's Speed Chess Q1"]
[Site "chess.com INT"]
[Date "2021.05.28"]
[Round "8"]
[White "Adam, Ernestina"]
[Black "Szente Varga, Fruzsina"]
[Result "1-0"]
[WhiteTitle "WCM"]
[BlackTitle "WFM"]
[WhiteElo "1354"]
[BlackElo "2100"]
[WhiteFideId "165883"]
[BlackFideId "712264"]
[EventDate "2021.05.28"]

1. e4 Nf6 2. e5 Nd5 3. d4 d6 4. Nf3 g6 5. c4 Nb6 6. Nc3 Bg7 7. exd6 cxd6 8. Be3
O-O 9. h3 Nc6 10. Be2 Bd7 11. O-O e5 12. d5 Ne7 13. Qd2 f5 14. Bh6 Rc8 15. Bxg7
Kxg7 16. b3 f4 17. Ne4 Bf5 18. Neg5 Qd7 19. a4 h6 20. Ne6+ Bxe6 21. dxe6 Qxe6
22. a5 Nd7 23. Rad1 Nf5 24. Rfe1 Nc5 25. b4 Nb3 26. Qc3 Nbd4 27. Nxd4 Nxd4 28.
Bg4 Nf5 29. c5 h5 30. Bxf5 Rxf5 31. Qf3 dxc5 32. Rd5 cxb4 33. Red1 Rf7 34. Qe4
Re7 35. Re1 Rce8 36. Red1 Qa6 37. Qxb4 f3 38. gxf3 e4 39. Qd4+ Kh7 40. fxe4 Rxe4
41. Rd7+ R4e7 42. Qh4 Qe2 43. R7d2 Qe6 44. Rd6 Qf5 45. R6d5 Re1+ 46. Kh2 Rxd1
47. Rxf5 gxf5 48. Qxh5+ Kg7 49. Qxe8 Kf6 50. Qf8+ Kg5 51. Qg7+ Kf4 52. Kg2 Rb1
53. Qd4+ Kg5 54. Qe3+ Kf6 55. Qxa7 Rb5 56. a6 b6 57. Qd7 1-0

[Event "Women's Speed Chess Q1"]
[Site "chess.com INT"]
[Date "2021.05.28"]
[Round "8"]
[White "Pujari, Rucha"]
[Black "Gaponenko, Inna"]
[Result "0-1"]
[WhiteTitle "WIM"]
[BlackTitle "IM"]
[WhiteElo "2244"]
[BlackElo "2357"]
[WhiteFideId "5024528"]
[BlackFideId "14101181"]
[EventDate "2021.05.28"]

1. d4 g6 2. c4 Bg7 3. Nf3 d6 4. g3 Nf6 5. Bg2 O-O 6. O-O Nc6 7. Nc3 e5 8. d5 Nb8
9. e4 a5 10. h3 Na6 11. Be3 Nd7 12. b3 Ndc5 13. Ne1 f5 14. exf5 gxf5 15. a3 f4
16. gxf4 exf4 17. Bd4 Bf5 18. Bxg7 Kxg7 19. Nb5 Qf6 20. Nd4 Kh8 21. Kh2 Bd3 22.
Nxd3 Qxd4 23. Nxc5 Qxd1 24. Rfxd1 Nxc5 25. b4 axb4 26. axb4 Rxa1 27. Rxa1 Nd3
28. Ra7 Rb8 29. Bf1 Nxb4 30. Kg2 Na6 31. Kf3 Nc5 32. Kxf4 Rf8+ 33. Ke3 Kg7 34.
f4 Re8+ 35. Kf3 Re1 36. Be2 Rc1 37. Ra8 Rc3+ 38. Kg2 Re3 39. Bf3 Nd3 40. Rc8 Re7
41. Kg3 Rf7 42. f5 Kf6 43. Be4 Nc5 44. Bc2 Ke5 45. Re8+ Kd4 46. Kf4 Kxc4 47. Bb1
Kd4 48. Kg5 b5 49. f6 b4 50. Re7 Rf8 51. f7 b3 52. Kf6 b2 53. Re8 Nd7+ 54. Ke7
Rxf7+ 55. Kxf7 Ne5+ 56. Kg7 h5 0-1